[Event "Zürich Meister"]
[Site "?"]
[Date "2004.12.29"]
[Round "6"]
[White "Pelletier, Yannick"]
[Black "Kveinys, Aloyzas"]
[Result "1/2-1/2"]
[WhiteElo "2589"]
[BlackElo "2531"]
[PlyCount "126"]

1. e4 c5 2. Nf3 e6 3. Nc3 a6 4. d4 cxd4 5. Nxd4 Qc7 6. Be2 Nf6 7. O-O Bb4 8.
Bg5 Bxc3 9. Bxf6 gxf6 10. bxc3 b6 11. Bh5 Rg8 12. Qf3 Qe5 13. Qh3 Bb7 14. f4
Qc5 15. Rf2 Qe7 16. Bf3 Nc6 17. e5 O-O-O 18. Rb1 Qc5 19. Bxc6 dxc6 20. f5 Qxe5
21. fxe6 fxe6 22. Nxe6 Rd7 23. Rxb6 Re8 {Diagramm #} 24. Nf8 Rxf8 25. Rxb7 Rff7
26. Rb4 f5 27. Qf3 Kc7 28. h3 Rd5 29. Rf1 Re7 30. Ra4 Qe3+ 31. Qxe3 Rxe3 32. c4
Rd2 33. Rxf5 Ree2 34. Rg5 h6 35. Rg6 Kb6 36. Rb4+ Kc5 37. Rb8 Rxc2 38. Rc8 Rxa2
39. Rcxc6+ Kb4 40. Rc8 Re5 41. c5 Rxc5 42. Rxc5 Kxc5 43. Rxh6 a5 44. h4 Rd2 45.
Ra6 Kb4 46. Kh2 Rd8 47. h5 Kb5 48. Ra7 Kb6 49. Rf7 a4 50. g4 a3 51. Kg3 a2 52.
Rf1 Ra8 53. Ra1 Kc6 54. h6 Kd6 55. h7 Ke6 56. Rxa2 Rh8 57. Kf4 Kf6 58. Rh2 Kg6
59. Rh5 Rf8+ 60. Kg3 Kg7 61. h8=R Rxh8 62. Rxh8 Kxh8 63. Kf4 Kg8 {Diagramm #}
1/2-1/2

[Event "4th Rohde Open"]
[Site "Sautron FRA"]
[Date "2004.10.31"]
[Round "9"]
[White "Gouliev, N."]
[Black "Santo Roman, M."]
[Result "0-1"]
[WhiteElo "2509"]
[BlackElo "2394"]
[PlyCount "74"]
[EventDate "2004.10.23"]
[EventType "swiss"]
[EventRounds "9"]
[EventCountry "FRA"]
[Source "Mark Crowther"]
[SourceDate "2004.11.08"]

1. e4 c5 2. Nf3 e6 3. d4 cxd4 4. Nxd4 Qb6 5. Nb3 Qc7 6. Bd3 Nf6 7. Nc3 a6 8. f4
d6 9. Qf3 b5 10. g4 Nc6 11. Be3 Bb7 12. g5 Nd7 13. O-O-O Nc5 14. Kb1 Be7 15. h4
O-O-O 16. Rhe1 Kb8 17. Qf2 Na5 18. Bd4 f6 19. e5 Naxb3 20. axb3 dxe5 21. fxe5
f5 22. b4 Nxd3 23. Rxd3 Qc6 24. Red1 Bxb4 25. Ne2 Ka8 26. Nf4 Rd7 27. Rb3 a5
28. Rc1 Rc8 29. Nd3 Qc4 30. Bb6 Be4 31. Rd1 Rd5 32. Qe2 Kb7 33. Bf2 Rc6 34. g6
hxg6 35. Rg1 Qxb3 36. Rxg6 Bxd3 37. Rxg7+ Rc7 0-1

[Event "It"]
[Site "Pune IND"]
[Date "2004.09.12"]
[Round "9"]
[White "Kasimdzhanov, R."]
[Black "Sutovsky, E."]
[Result "1-0"]
[WhiteElo "2640"]
[BlackElo "2679"]
[PlyCount "69"]
[EventDate "2004.09.03"]
[EventType "tourn"]
[EventRounds "9"]
[EventCountry "IND"]
[EventCategory "16"]
[Source "Mark Crowther"]
[SourceDate "2004.09.13"]

1. e4 c5 2. Nf3 d6 3. c3 Nf6 4. Be2 Bd7 5. Qc2 Bc6 6. d3 Nbd7 7. Nbd2 Rc8 8. d4
cxd4 9. Nxd4 g6 10. O-O Bg7 11. Nxc6 bxc6 12. Nb3 O-O 13. Be3 c5 14. Rad1 Qc7
15. f4 Qc6 16. Nd2 Rb8 17. Bf3 Qa6 18. b3 Ne8 19. Nc4 Nb6 20. Be2 Nxc4 21. Bxc4
Qa5 22. e5 dxe5 23. f5 Nd6 24. fxg6 hxg6 25. Rxd6 exd6 26. Qxg6 Qxc3 27. Bh6
Qd4+ 28. Kh1 e4 29. Bxf7+ Rxf7 30. Qxf7+ Kh8 31. Qh5 Bxh6 32. Qxh6+ Kg8 33. h3
Qg7 34. Qe6+ Kh8 35. Rf5 1-0

[Event "It"]
[Site "Pune IND"]
[Date "2004.09.09"]
[Round "6"]
[White "Harikrishna, P."]
[Black "Nisipeanu, LD."]
[Result "1-0"]
[WhiteElo "2609"]
[BlackElo "2686"]
[PlyCount "69"]
[EventDate "2004.09.03"]
[EventType "tourn"]
[EventRounds "9"]
[EventCountry "IND"]
[EventCategory "16"]
[Source "Mark Crowther"]
[SourceDate "2004.09.13"]

1. d4 Nf6 2. c4 e6 3. Nc3 Bb4 4. Qc2 O-O 5. a3 Bxc3+ 6. Qxc3 d6 7. f3 c5 8.
dxc5 dxc5 9. Nh3 Nc6 10. Nf2 e5 11. e3 e4 12. f4 Ng4 13. h3 Nh6 14. g4 Qh4 15.
Rg1 Rd8 16. b4 Rd1+ 17. Ke2 Rd8 18. Bb2 f6 19. b5 Ne7 20. Nxe4 Nxg4 21. Bg2 Nh6
22. Nxf6+ gxf6 23. Bxb7+ Kf7 24. Bxa8 Bxh3 25. Bf3 Bg4 26. Rg2 Nef5 27. Rag1
Bxf3+ 28. Kxf3 Re8 29. Rh2 Rxe3+ 30. Qxe3 Qxh2 31. Qxc5 Nh4+ 32. Ke4 Qe2+ 33.
Kd5 N6f5 34. Kc6 Qxb2 35. Qd5+ 1-0

[Event "54th ch-HUN"]
[Site "Budapest HUN"]
[Date "2004.08.21"]
[Round "3"]
[White "Acs, P."]
[Black "Berkes, F."]
[Result "1-0"]
[WhiteElo "2545"]
[BlackElo "2614"]
[PlyCount "43"]
[EventDate "2004.08.19"]
[EventType "tourn"]
[EventRounds "9"]
[EventCountry "HUN"]
[EventCategory "13"]
[Source "Mark Crowther"]
[SourceDate "2004.08.30"]

1. e4 c5 2. Nf3 d6 3. d4 cxd4 4. Nxd4 Nf6 5. Nc3 a6 6. Be3 e6 7. g4 e5 8. Nf5
g6 9. g5 gxf5 10. exf5 d5 11. gxf6 d4 12. Bc4 Qc7 13. Qd3 dxc3 14. O-O-O Nc6
15. Qe4 Rg8 16. Kb1 h5 17. f4 Rg4 18. h3 Rg3 19. Bf2 Bxf5 20. Qxf5 Rf3 21. Bb6
Rxf4 22. Qh7 1-0

[Event "RUS-CHN"]
[Site "Moscow CHN"]
[Date "2004.08.15"]
[Round "5"]
[White "Rublevsky, S."]
[Black "Ye Jiangchuan"]
[Result "1-0"]
[WhiteElo "2686"]
[BlackElo "2681"]
[PlyCount "65"]
[EventDate "2004.08.10"]
[EventType "match"]
[EventRounds "6"]
[EventCountry "CHN"]
[Source "Mark Crowther"]
[SourceDate "2004.08.16"]

1. e4 c5 2. Nf3 d6 3. Bb5+ Nd7 4. d4 Ngf6 5. O-O cxd4 6. Qxd4 g6 7. e5 dxe5 8.
Qxe5 Bg7 9. Re1 e6 10. Qd6 a6 11. Bf1 Qe7 12. Qxe7+ Kxe7 13. Nbd2 b6 14. b3 Kf8
15. Nc4 Kg8 16. Ba3 Bb7 17. Nfe5 Nxe5 18. Nxe5 Ne4 19. Bb2 Rc8 20. Rad1 Bf6 21.
Rd7 Nc5 22. Rd6 b5 23. Bd4 Kg7 24. b4 Ne4 25. Rd7 Rhd8 26. Rxb7 Rxd4 27. Nxf7
Kg8 28. Rxe4 Rxe4 29. Nd6 Rf4 30. Nxc8 Bd4 31. Ne7+ Kh8 32. Nc6 Bxf2+ 33. Kh1
1-0

[Event "GM Turnier Biel"]
[Site "?"]
[Date "2004.07.27"]
[Round "8"]
[White "Ponomariov, Ruslan"]
[Black "Pelletier, Yannick"]
[Result "0-1"]
[WhiteElo "2722"]
[BlackElo "2597"]
[PlyCount "80"]
[EventDate "2004.??.??"]

1. e4 c5 2. Nf3 e6 3. d4 cxd4 4. Nxd4 Nc6 5. Nc3 Qc7 6. Be3 Nf6 7. f4 Bb4 8.
Ndb5 Qa5 9. Bd2 a6 10. e5 axb5 11. exf6 Bxc3 12. bxc3 gxf6 13. Qg4 b4 14. Qg7
Rf8 15. Qxf6 bxc3 16. Bxc3 Qc5 17. Bd3 b6 18. Bxh7 Ra4 19. O-O-O Nb4 20. Bb2
Bb7 21. Rhe1 Nxa2+ 22. Kb1 Bd5 23. Rxd5 Qxd5 24. c3 Qd2 25. Qe5 f5 26. Bg6+ Kd8
27. Qe3 Qxe3 28. Rxe3 Rh8 29. Rh3 Rxh3 30. gxh3 Rxf4 31. Bh5 Rh4 32. Bd1 Rxh3
33. Kxa2 f4 34. Bg4 Rh4 35. Bd1 Rxh2 36. Kb3 e5 37. Bf3 Rh3 38. Bg2 Rg3 39. Bf1
f3 40. c4 Rg1 0-1

[Event "Biel MTO"]
[Site "?"]
[Date "2004.07.23"]
[Round "5"]
[White "Papa, Severin"]
[Black "Jenni, Florian"]
[Result "1-0"]
[WhiteElo "2397"]
[BlackElo "2517"]
[PlyCount "57"]
[EventDate "2004.03.14"]

1. d4 Nf6 2. c4 e6 3. Nc3 Bb4 4. e3 b6 5. f3 O-O 6. e4 d5 7. cxd5 exd5 8. e5
Nfd7 9. f4 c5 10. a3 Bxc3+ 11. bxc3 Ba6 12. Bxa6 Nxa6 13. Nf3 Rc8 14. Qd3 Nc7
15. f5 f6 16. e6 Re8 17. O-O Nf8 18. Bf4 c4 19. Qb1 Re7 20. a4 Ne8 21. Qb5 Nc7
22. Qb4 Ne8 23. a5 g6 24. axb6 axb6 25. g4 h5 26. h3 hxg4 27. hxg4 Rc6 28. Ra8
Qxa8 29. Qxe7 1-0

[Event "57th ch-RUS "]
[Site "St Petersburg RUS"]
[Date "2004.05.27"]
[Round "6"]
[White "Ionov, S."]
[Black "Gleizerov, E."]
[Result "1-0"]
[WhiteElo "2538"]
[BlackElo "2592"]
[PlyCount "39"]
[EventDate "2004.05.01"]
[EventCountry "RUS"]

1. Nf3 d5 2. d4 c6 3. c4 dxc4 4. e3 Be6 5. Nbd2 b5 6. a4 Qa5 7. Be2 Nf6 8. O-O
Na6 9. e4 Nb4 10. Ng5 Bd7 11. e5 h6 12. Nxf7 Kxf7 13. exf6 exf6 14. Ne4 Bf5 15.
axb5 Qxa1 16. Bxc4+ Kg6 17. Ng3 Bb1 18. Qg4+ Kh7 19. Bxh6 gxh6 20. Nh5 1-0

[Event "22nd LIE-Open"]
[Site "Triesen LIE"]
[Date "2004.05.15"]
[Round "?"]
[White "Rotstein, A."]
[Black "Voicu, C."]
[Result "0-1"]
[WhiteElo "2517"]
[BlackElo "2211"]
[PlyCount "64"]
[EventDate "2004.05.14"]
[EventType "swiss"]
[EventCountry "LIE"]
[Source "Mark Crowther"]
[SourceDate "2004.05.31"]

1. c4 Nf6 2. Nf3 c5 3. g3 Nc6 4. Bg2 d5 5. cxd5 Nxd5 6. Nc3 Nxc3 7. bxc3 g6 8.
h4 Bg7 9. h5 Qc7 10. Qa4 Bd7 11. hxg6 hxg6 12. Rxh8+ Bxh8 13. Qh4 O-O-O 14. Qc4
Qa5 15. Ng5 Ne5 16. Qb3 Qb6 17. f4 Bf6 18. Ne4 Nc6 19. Qc4 Nb4 20. Nxf6 Nc2+
21. Kf2 exf6 22. Rb1 Qxb1 23. Qxc5+ Kb8 24. Qd6+ Ka8 25. Qe7 Qb6+ 26. d4 Bc6
27. Bxc6 bxc6 28. Qe4 Qb1 29. Qxc6+ Qb7 30. Qxf6 Re8 31. e3 Qh1 32. Qxf7 Rh8
0-1

[Event "CXSP Open"]
[Site "Sao Paulo "]
[Date "2004.05.12"]
[Round "7"]
[White "Rodriguez, A."]
[Black "Limp, E."]
[Result "0-1"]
[WhiteElo "2556"]
[BlackElo "2407"]
[PlyCount "58"]
[EventDate "2004.05.07"]
[EventCountry "BRA"]

1. e4 c5 2. Nf3 b6 3. d4 cxd4 4. Nxd4 Bb7 5. Nc3 Nf6 6. e5 Nd5 7. Nxd5 Bxd5 8.
Bf4 e6 9. Be2 Nc6 10. Nf3 Be7 11. O-O g5 12. Bg3 h5 13. h3 Qc7 14. Re1 O-O-O
15. a3 g4 16. hxg4 hxg4 17. Nh2 Bh4 18. Ba6+ Kb8 19. Qxg4 Bxg3 20. fxg3 b5 21.
Nf1 Qb6+ 22. Ne3 Qxa6 23. a4 Qb6 24. axb5 Rdg8 25. Qf4 Nd4 26. c3 Nf5 27. Ra6
Qc5 28. b6 Rxg3 29. Qf2 Rxg2+ 0-1

[Event "Open ch-NOR"]
[Site "Oslo"]
[Date "2004.04.10"]
[Round "8"]
[White "Gullaksen, E."]
[Black "Williams, S."]
[Result "1-0"]
[WhiteElo "2376"]
[BlackElo "2411"]
[PlyCount "37"]
[EventDate "2004.04.03"]
[Source "Mark Crowther"]
[SourceDate "2004.04.19"]

1. e4 e6 2. d4 d5 3. Nc3 Bb4 4. e5 c5 5. a3 Bxc3+ 6. bxc3 Ne7 7. Qg4 O-O 8. Bd3
Nbc6 9. Bg5 Qa5 10. Ne2 cxd4 11. f4 Kh8 12. O-O dxc3 13. Rf3 Nf5 14. Rh3 Qc5+
15. Kh1 Nce7 16. Ng3 Ng8 17. Nh5 f6 18. Bxf5 exf5 19. Bxf6 1-0

[Event "77th ch-city"]
[Site "St Petersburg RUS"]
[Date "2004.04.01"]
[Round "1"]
[White "Yemelin, V."]
[Black "Chepukaitis, G."]
[Result "1-0"]
[WhiteElo "2578"]
[BlackElo "2413"]
[PlyCount "75"]
[EventDate "2004.04.01"]
[EventType "tourn"]
[EventRounds "9"]
[EventCountry "RUS"]
[EventCategory "10"]
[Source "Mark Crowther"]
[SourceDate "2004.04.12"]

1. e4 g6 2. d4 Bg7 3. Nc3 d6 4. f4 a6 5. Nf3 b5 6. Bd3 Nd7 7. e5 f5 8. a4 b4 9.
Ne2 e6 10. O-O Ne7 11. c4 a5 12. Be3 Bb7 13. Nc1 Nb6 14. Nb3 O-O 15. Qe2 Re8
16. Bf2 Nec8 17. Rfe1 Qd7 18. exd6 cxd6 19. d5 Qc7 20. dxe6 Bxf3 21. gxf3 Nd7
22. exd7 Rxe2 23. dxc8=Q+ Qxc8 24. Rxe2 Qd7 25. Nd4 Re8 26. Rxe8+ Qxe8 27. b3
Bf6 28. Re1 Qf8 29. Kg2 Qh6 30. Ne6 Bh4 31. Bg3 Kf7 32. c5 dxc5 33. Bc4 Kf6 34.
Nxc5 Kg7 35. Ne6+ Kh8 36. Rd1 Bf6 37. Rd7 Qh5 38. Rf7 1-0

[Event "9. HIT Open"]
[Site "?"]
[Date "2004.02.??"]
[Round "?"]
[White "Kveinys, A."]
[Black "Stocek, J."]
[Result "1-0"]
[WhiteElo "2511"]
[BlackElo "2552"]
[PlyCount "51"]
[EventDate "2004.02.19"]

1. c4 Nf6 2. Nc3 e5 3. g3 c6 4. d4 exd4 5. Qxd4 d5 6. Nf3 Na6 7. Bg5 Bc5 8.
Qe5+ Be6 9. O-O-O Bd6 10. Qd4 c5 11. Bxf6 cxd4 12. Bxd8 dxc3 13. Ba5 cxb2+ 14.
Kxb2 d4 15. Nxd4 Bxc4 16. e4 Bxf1 17. Rhxf1 O-O 18. f4 Rfc8 19. e5 Bf8 20. Nf5
Rc5 21. Bc3 Rac8 22. Rf3 Rb5+ 23. Ka1 Nb4 24. Bxb4 Bxb4 25. Rb3 Rb6 26. Rxb4
1-0

[Event "Gibraltar Masters"]
[Site "Catalan Bay ENG"]
[Date "2004.01.27"]
[Round "1"]
[White "Vuckovic, Bo"]
[Black "Houska, Jo"]
[Result "1-0"]
[WhiteElo "2511"]
[BlackElo "2370"]
[PlyCount "59"]
[EventDate "2004.01.27"]
[EventType "swiss"]
[EventRounds "10"]
[EventCountry "ENG"]
[Source "Mark Crowther"]
[SourceDate "2004.02.09"]

1. e4 c6 2. d4 d5 3. Nc3 dxe4 4. Nxe4 Bf5 5. Ng3 Bg6 6. h4 h6 7. Nf3 Nd7 8. h5
Bh7 9. Bd3 Bxd3 10. Qxd3 e6 11. Bf4 Ngf6 12. O-O-O Be7 13. Kb1 O-O 14. Ne4 Qa5
15. g4 Nxg4 16. Ne5 Ngxe5 17. dxe5 Nc5 18. Nxc5 Qxc5 19. Qg3 Kh7 20. Rhg1 Rg8
21. Rd7 Rae8 22. Rxb7 a5 23. Be3 Qc4 24. Qf3 Rgf8 25. Rd7 Qb5 26. Qe4+ Kh8 27.
Bxh6 gxh6 28. Rxe7 Rxe7 29. Qf4 Kh7 30. Qg3 1-0

[Event "Weihnachtsopen Zuerich"]
[Site "?"]
[Date "2003.12.??"]
[Round "?"]
[White "Jenni, Florian"]
[Black "Maeser, Fabian"]
[Result "1-0"]
[WhiteElo "2522"]
[BlackElo "2286"]
[PlyCount "61"]
[EventDate "2004.02.19"]

1. e4 c5 2. Nf3 Nc6 3. d4 cxd4 4. Nxd4 Nf6 5. Nc3 e5 6. Ndb5 d6 7. Bg5 a6 8.
Na3 b5 9. Bxf6 gxf6 10. Nd5 f5 11. exf5 Bxf5 12. c3 Bg7 13. Nc2 O-O 14. Nce3
Bg6 15. h4 Be4 16. Bd3 Bxd5 17. Nxd5 f5 18. Bc2 Rb8 19. g4 e4 20. gxf5 Rxf5 21.
Bxe4 Re5 22. Ne3 Qe8 23. Bxc6 Qxc6 24. Rg1 b4 25. Qb3+ Kh8 26. O-O-O Rf8 27.
Qxb4 Rc5 28. Rxg7 Kxg7 29. Qd4+ Kf7 30. Nd5 Ke8 31. Qe4+ 1-0

[Event "Zürich Meister"]
[Site "?"]
[Date "2004.12.28"]
[Round "4"]
[White "Pelletier, Yannick"]
[Black "Jenni, Florian"]
[Result "1-0"]
[WhiteElo "2589"]
[BlackElo "2503"]
[PlyCount "139"]

1. d4 Nf6 2. c4 e6 3. Nc3 Bb4 4. e3 b6 5. Nge2 Bb7 6. a3 Bxc3+ 7. Nxc3 O-O 8.
Bd3 d5 9. O-O Nbd7 10. cxd5 exd5 11. b4 Ne4 12. Qb3 Ndf6 13. f3 Ng5 14. Ra2 Ne6
15. b5 Qd7 16. a4 a6 17. Bd2 Kh8 18. Be1 axb5 19. axb5 Rxa2 20. Nxa2 Ng8 21.
Bg3 f5 22. Be5 Ne7 23. Qb1 Ng5 24. Rc1 Rc8 25. Nb4 Nf7 26. Bg3 Nd6 27. Na6 Nc4
28. Bxc4 dxc4 29. Rxc4 Nd5 30. Be5 Bxa6 31. bxa6 Nxe3 32. Rc3 Nd5 33. Ra3 Ra8
34. f4 Kg8 35. a7 g6 36. h3 Qc6 37. Kh2 Qc4 38. Qd1 Kf7 39. Qe1 Qc6 40. Qe2 Qd7
41. Qc4 Ke7 42. g4 fxg4 43. hxg4 Kd8 44. f5 gxf5 45. gxf5 b5 46. Qc5 Kc8 47. f6
Kb7 48. Rg3 Rxa7 49. Rg7 Qe6 50. Qxb5+ Kc8 51. Qc4 Ra3 52. Rxc7+ Kd8 53. Rc8+
Kd7 54. Rc7+ Nxc7 55. Qxc7+ Ke8 56. f7+ Qxf7 57. Qb8+ Kd7 58. Qd6+ Ke8 59. Qxa3
Qf2+ 60. Kh3 Qf1+ 61. Kg4 h5+ 62. Kxh5 Qh1+ 63. Kg5 Qg2+ 64. Qg3 Qe4 65. Qh3
Ke7 66. Qf5 Qe3+ 67. Kg6 Qb3 68. Qf6+ Kd7 69. Qd6+ Ke8 70. Qc6+ 1-0